Capitale d'Europe en moins de 03:00 - Statistiques

Statistiques générales
  • Ce quiz a été pris 74 fois
    51 depuis la dernière actualisation
  • Le résultat moyen est 40 sur 45
Statistiques - réponses
Indice Réponse % Correct
Espagne Madrid
100%
Russie Moscou
100%
France Paris
100%
Grèce Athènes
98%
Allemagne Berlin
98%
Belgique Bruxelles
98%
Italie Rome
98%
Roumanie Bucarest
96%
Hongrie Budapest
96%
Portugal Lisbonne
96%
Royaume-Uni Londres
96%
Norvège Oslo
96%
Autriche Vienne
96%
Danemark Copenhague
94%
Finlande Helsinki
94%
Luxembourg Luxembourg
94%
Monaco Monaco
94%
Pologne Varsovie
94%
Pays-Bas Amsterdam
92%
Andorre Andorre-la-Vieille
92%
Irlande Dublin
92%
Ukraine Kiev
92%
Bulgarie Sofia
92%
Croatie Zagreb
92%
Suisse Berne
90%
République Tchèque Prague
90%
Albanie Tirana
88%
Malte La Valette
86%
Biélorussie Minsk
86%
Islande Reykjavik
86%
Saint-Marin Saint-Marin
86%
Estonie Tallinn
86%
Vatican Vatican
86%
Lituanie Vilnius
86%
Lettonie Riga
84%
Bosnie Sarajevo
84%
Suède Stockholm
84%
Serbie Belgrade
80%
Slovaquie Bratislava
80%
Slovénie Ljubljana
80%
Lichtenstein Vaduz
80%
Macédoine du Nord Skopje
76%
Moldavie Chisinau
69%
Monténégro Podgorica
69%
Kosovo Pristina
69%
Aucun quiz correspondant
Distribution des résultats
% des personnes avec chaque résultat
Percentile par nombre de réponses
Votre historique - résultats
Vous n’avez pas pris ce quiz depuis la dernière actualisation